000 00427nam a22001697a 4500
005 20260402150058.0
008 260402b |||||||| |||| 00| 0 eng d
020 _a9789384961787
041 _aEnglish
082 _a346.0436 TRI
100 _a Tripathy, G.P
245 _aTransfer of Property
260 _aAllahabad :
_bCentral Law Publication,
_c2020.
300 _a731 p
650 _aTransfer of Property
942 _cDB
999 _c9596
_d9596